000 00852nam0a22002651 4500
001 v19\rc\1649575
005 20250619002657.0
035 _a(NLR Aleph) 004761145
090 _a4583575
_c4583575
100 _a20061002d1888 |||y0rusy50 ca
101 0 _arus
102 _aRU
105 _ay z |||||
200 1 _aОб антихристе
_e[Поучение]
_f[Миссионер прот. П. Мегорский]
210 _a[Москва]
_cУнив. тип.
_dценз. 1888
215 _a32 с.
300 _aАвт. указан в конце текста
309 _aБез тит. л. и обл.
700 1 _aМегорский
_bП.Т.
_f-1888
_gПетр Тимофеевич
801 0 _aRU
_bNLR
_gpsbo
801 0 _aRU
_bRuMoRGB
_2psbo
801 1 _aRU
_bProSoft-M
_2rusmarc
852 _aNLR
_j18.276.1.160
942 _cBOOK
980 _aNB